[Event "Kolobrzeg op 11th"]
[Site "Kolobrzeg"]
[Date "2010.??.??"]
[Round "5"]
[White "Aly, Adel Mohamed"]
[Black "Jewulski, Krzysztof"]
[Result "1-0"]
[WhiteElo "2132"]
[BlackElo "2002"]
[PlyCount "47"]
[EventDate "2010.08.16"]
[EventType "swiss"]
[EventRounds "9"]
[EventCountry "POL"]
[SourceTitle "CBM 138 Extra"]
[Source "ChessBase"]
[SourceDate "2010.10.29"]
[SourceVersion "1"]
[SourceVersionDate "2010.10.29"]
[SourceQuality "1"]

1. g3 e5 2. d3 d5 3. Bg2 f5 4. c4 Nf6 5. cxd5 Nxd5 6. Nf3 Bb4+ 7. Bd2 Nc6 8. 0-0 Bxd2 9. Nbxd2 0-0 10. Qb3 Be6 11. e4 Nf4 12. Qxb7 Ne2+ 13. Kh1 Qd7 14. Rac1 Nxc1 15. Rxc1 fxe4 16. dxe4 Rab8 17. Qxc6 Rxb2 18. Qxd7 Bxd7 19. Rxc7 Ba4 20. Bf1 Bd1 21. Kg2 g5 22. Bc4+ Kh8 23. Nxg5 Rxd2 24. Rxh7# 1-0

[Event "Kolobrzeg op 11th"]
[Site "Kolobrzeg"]
[Date "2010.??.??"]
[Round "6"]
[White "Kramer, Norbert"]
[Black "Aly, Adel Mohamed"]
[Result "0-1"]
[WhiteElo "1812"]
[BlackElo "2132"]
[PlyCount "72"]
[EventDate "2010.08.16"]
[EventType "swiss"]
[EventRounds "9"]
[EventCountry "POL"]
[SourceTitle "CBM 138 Extra"]
[Source "ChessBase"]
[SourceDate "2010.10.29"]
[SourceVersion "1"]
[SourceVersionDate "2010.10.29"]
[SourceQuality "1"]

1. Nf3 g6 2. d4 Bg7 3. c4 f5 4. Nc3 c5 5. d5 Bxc3+ 6. bxc3 Qa5 7. Qc2 d6 8. e3 Nd7 9. Bd3 Ngf6 10. Bd2 Nb6 11. 0-0 Bd7 12. Rfb1 Ba4 13. Qc1 Qa6 14. Qf1 Ne4 15. Be1 0-0-0 16. Kh1 e5 17. Qe2 Nf6 18. e4 fxe4 19. Bxe4 Nxe4 20. Qxe4 Qxc4 21. Qxc4 Nxc4 22. Ng5 Rd7 23. f3 Ne3 24. Rc1 c4 25. Rab1 Nxd5 26. Rb2 Nf4 27. Rb4 b5 28. Rcb1 Nd3 29. Rxa4 bxa4 30. Bg3 h6 31. Ne4 d5 32. Nf6 Rd6 33. Ng4 Rb6 34. Rxb6 axb6 35. Nxe5 Re8 36. Nxg6 d4 0-1